[Event "Wintertime blues"]
[Site "SchemingMind.com"]
[Date "2024.04.05"]
[Round "-"]
[White "pawngrabber"]
[Black "pmdpsp"]
[Result "1-0"]
[WhiteCountry "ENG"]
[BlackCountry "GER"]
[WhiteElo "1804"]
[WhiteRD "61"]
[BlackElo "1653"]
[BlackRD "73"]
[GameID "743631"]

1. e4 e5 2. f4 Bc5 3. Nf3 exf4 4. Bc4 g5 5. d4 Bb6 6. Nc3 g4 7. Ne5 Qh4+ 8. Kf1 g3 9. Bxf7+ Kf8 10. Qh5 Qf6
11. hxg3 fxg3+ 12. Qf3 Qxf3+ 13. gxf3 Bxd4 14. Bxg8 g2+ 15. Kxg2 Rxg8+ 16. Ng4 d6 17. Rxh7 Bxg4 18. fxg4 Rxg4+ 19. Kf3 Rg1 20. Bh6+ Kg8
21. Rxg1+ Bxg1 22. Rxc7 Nc6 23. Rg7+
1-0

[Event "Wintertime blues"]
[Site "SchemingMind.com"]
[Date "2024.04.05"]
[Round "-"]
[White "pmdpsp"]
[Black "pawngrabber"]
[Result "1-0"]
[WhiteCountry "GER"]
[BlackCountry "ENG"]
[WhiteElo "1653"]
[WhiteRD "73"]
[BlackElo "1804"]
[BlackRD "61"]
[GameID "743632"]

1. e4 e5 2. f4 exf4 3. Nf3 d6 4. d4 Bg4 5. h3 Bxf3 6. Qxf3 Qh4+ 7. Qf2 Qxf2+ 8. Kxf2 g5 9. Bb5+ c6 10. Ba4 Bg7
11. c3 Nd7 12. Nd2 O-O-O 13. Bb3 f6 14. a4 Ne7 15. a5 h5 16. Be6 Kc7 17. b3 Nf8 18. Bc4 d5 19. Ba3 Nfg6 20. Be2 Bf8
21. Bc5 Kb8 22. a6 Nc8 23. Bxf8 Rhxf8 24. Bxh5 Nge7 25. b4 Nd6 26. Rhe1 Rh8 27. Bg4 f5 28. exf5 Nexf5 29. Re6 Rhe8 30. Rae1 Ne4+
31. R6xe4 dxe4 32. Nxe4 Ne3 33. Bf3 Rg8 34. axb7 Kxb7 35. Nc5+ Kb6 36. Ra1 Rd6 37. Ra6+ Kc7 38. Rxa7+ Kb8 39. Ra6 Rgg6 40. Ne4 Rde6
41. Ra5 Nd5 42. Ra4 Rxe4 43. Bxe4 Nxc3 44. Bxg6 Nxa4 45. Be8 Kc7 46. d5 Nb6 47. Bxc6 Kd6 48. b5 Nc4 49. Kf3 Ke5 50. Kg4 Kf6
51. h4 Ne5+ 52. Kh3 g4+ 53. Kh2 Nc4 54. Bd7 Nb6 55. Bxg4 Nxd5 56. h5 Kg5 57. Bf3
1-0

[Event "Wintertime blues"]
[Site "SchemingMind.com"]
[Date "2024.04.10"]
[Round "-"]
[White "David Hartley"]
[Black "pmdpsp"]
[Result "0-1"]
[WhiteCountry "ENG"]
[BlackCountry "GER"]
[WhiteElo "1649"]
[WhiteRD "74"]
[BlackElo "1670"]
[BlackRD "71"]
[GameID "743633"]

1. e4 e5 2. f4 d5 3. exd5 Qxd5 4. Nc3 Qe6 5. Nf3 exf4+ 6. Be2 Bd6 7. O-O Ne7 8. d4 O-O 9. Re1 Nf5 10. Bd3 Ne3
11. Qe2 Re8 12. Nd1 Nxd1 13. Qxd1 Qd7 14. c3 Rxe1+ 15. Qxe1 Qe7 16. Bd2 Nc6 17. Bb5 Qxe1+ 18. Rxe1 Bd7 19. Kf2 a6 20. Bd3 h6
21. h3 g5 22. Nh2 Kg7 23. Kf3 Ne7 24. Rg1 Nf5 25. Ke2 Re8+ 26. Kd1 Ne3+ 27. Kc1 f5 28. Re1 h5 29. Re2 Kf6
0-1

[Event "Wintertime blues"]
[Site "SchemingMind.com"]
[Date "2024.04.10"]
[Round "-"]
[White "pmdpsp"]
[Black "David Hartley"]
[Result "1-0"]
[WhiteCountry "GER"]
[BlackCountry "ENG"]
[WhiteElo "1670"]
[WhiteRD "71"]
[BlackElo "1649"]
[BlackRD "74"]
[GameID "743634"]

1. e4 e5 2. f4 exf4 3. Nf3 Be7 4. Qe2 d6 5. d4 Nf6 6. Bxf4 Nbd7 7. c4 Nb6 8. Nc3 Bg4 9. O-O-O Bh5 10. e5 dxe5
11. dxe5 Nfd7 12. e6 fxe6 13. Qxe6 Bf7 14. Qe4 Qc8 15. Re1 Qd8 16. Bxc7 Nc5 17. Bxd8 Nxe4 18. Bxe7 Kxe7 19. Rxe4+ Kf8 20. b3 g6
21. Ng5 Kg7 22. Be2 Rhf8 23. Rf1 Bg8 24. Re7+ Kh6 25. Nce4
1-0

[Event "Wintertime blues"]
[Site "SchemingMind.com"]
[Date "2024.04.09"]
[Round "-"]
[White "Clive Everill"]
[Black "pmdpsp"]
[Result "0-1"]
[WhiteCountry "CZE"]
[BlackCountry "GER"]
[WhiteElo "1681"]
[WhiteRD "55"]
[BlackElo "1653"]
[BlackRD "73"]
[GameID "743635"]

1. e4 e5 2. f4 exf4 3. Nf3 g5 4. h4 g4 5. Ne5 Nf6 6. Nxg4 Nxe4 7. d3 Ng3 8. Bxf4 Nxh1 9. Qe2+ Qe7 10. Nf6+ Kd8
11. Bxc7+ Kxc7 12. Nd5+ Kd8 13. Nxe7 Bxe7 14. Qg4 Re8 15. Nd2 Bxh4+ 16. Kd1 Nf2+ 17. Kc1 Re1+
0-1

[Event "Wintertime blues"]
[Site "SchemingMind.com"]
[Date "2024.04.09"]
[Round "-"]
[White "pmdpsp"]
[Black "Clive Everill"]
[Result "1/2-1/2"]
[WhiteCountry "GER"]
[BlackCountry "CZE"]
[WhiteElo "1653"]
[WhiteRD "73"]
[BlackElo "1681"]
[BlackRD "55"]
[GameID "743636"]

1. e4 e5 2. f4 exf4 3. Nf3 d6 4. d4 Ne7 5. Bxf4 Ng6 6. Bg3 Be7 7. Bc4 O-O 8. O-O Bg4 9. Qd3 Nd7 10. Nbd2 Nb6
11. Bb3 a5 12. e5 d5 13. c4 dxc4 14. Nxc4 Nxc4 15. Qxc4 Be6 16. Qc2 Bd5 17. Bxd5 Qxd5 18. Qxc7 Rfc8 19. Qb6 Ra6 20. Qb3 Qxb3
21. axb3 b5 22. Ng5 f6 23. Ne4 fxe5 24. dxe5 Bb4 25. Be1 Bxe1 26. Rfxe1 Nxe5 27. b4 a4 28. b3 Nd3 29. Reb1 a3 30. Nc5 Nxc5
31. Rc1 Nxb3 32. Rxc8+ Kf7 33. Ra2 Nd4 34. Rc5 Ra4 35. Rc3 Rxb4 36. Rcxa3 Rb1+ 37. Kf2 b4 38. Ra7+ Kf6 39. R2a6+ Ke5 40. Rxg7 Rb2+
41. Ke1 Rb1+ 42. Kd2 Rb2+ 43. Kc1 Rf2 44. Rg5+ Ke4 45. Ra4 Rf1+ 46. Kd2 Rf2+ 47. Ke1 Re2+ 48. Kf1 Rb2 49. h4 Nc2 50. h5 Ne3+
51. Kg1 Rb1+ 52. Kh2 Nf1+ 53. Kh3 Ne3 54. Rg7 h6 55. Rg6 Rb3 56. Re6+ Kd5 57. Rxb4 Rxb4 58. Rxe3 Rd4 59. Re8 Rf4 60. Rg8 Rf6
61. g4 Ke6 62. Rg7 Rf3+ 63. Kh4 Rf6 64. g5 hxg5+ 65. Kxg5 Rf5+ 66. Kh6 Kf6 67. Rg6+ Kf7 68. Rb6 Rf1 69. Rb4 Rh1 70. Kg5 Kg7
71. Rb7+=
1/2-1/2

[Event "Wintertime blues"]
[Site "SchemingMind.com"]
[Date "2024.04.05"]
[Round "-"]
[White "Phillip Beckett"]
[Black "pmdpsp"]
[Result "0-1"]
[WhiteCountry "ENG"]
[BlackCountry "GER"]
[WhiteElo "1450"]
[WhiteRD "54"]
[BlackElo "1653"]
[BlackRD "73"]
[GameID "743637"]

1. e4 e5 2. f4 exf4 3. Nf3 g5 4. Bc4 g4 5. O-O g3 6. hxg3 fxg3 7. d4 d6 8. Bxf7+ Kd7 9. Ng5 Nf6 10. e5 h6
11. e6+ Ke7 12. Rxf6 Bxe6 13. Nxe6 Qd7 14. Rf1 Qc6 15. d5 Qb6+ 16. Kh1 Qb4 17. Qf3 Qh4+ 18. Kg1 Qh2#
0-1

[Event "Wintertime blues"]
[Site "SchemingMind.com"]
[Date "2024.04.05"]
[Round "-"]
[White "pmdpsp"]
[Black "Phillip Beckett"]
[Result "1-0"]
[WhiteCountry "GER"]
[BlackCountry "ENG"]
[WhiteElo "1653"]
[WhiteRD "73"]
[BlackElo "1450"]
[BlackRD "54"]
[GameID "743638"]

1. e4 e5 2. f4 Qh4+ 3. g3 Qe7 4. Nc3 exf4 5. Nd5 Qxe4+ 6. Qe2 Qxe2+ 7. Kxe2 Kd8 8. Nxf4 c6 9. d3 d5 10. Bh3 Bxh3
11. Ngxh3 Nd7 12. Be3 Bd6 13. Rhf1 Ngf6 14. Rae1 Re8 15. Kd2 Kc7 16. Re2 Rad8 17. Rfe1 b6 18. Ng5 Rf8 19. h3 h6 20. Nf3 Kb7
21. Nd4 Rde8 22. Nf5 Bxf4 23. gxf4 Kc7 24. Nxg7 Re7 25. Nf5 Ree8 26. Nxh6 Nh5 27. f5 Ng3 28. Bf4+ Kc8 29. Bxg3 Rxe2+ 30. Rxe2 Nf6
31. Bd6 Rh8 32. Nxf7 Rxh3 33. Be7 Nd7 34. f6 Rf3 35. Ne5 Nxf6 36. Nxf3
1-0

[Event "Wintertime blues"]
[Site "SchemingMind.com"]
[Date "2024.04.05"]
[Round "-"]
[White "Goz"]
[Black "pmdpsp"]
[Result "0-1"]
[WhiteCountry "ENG"]
[BlackCountry "GER"]
[WhiteElo "1450"]
[WhiteRD "73"]
[BlackElo "1670"]
[BlackRD "71"]
[GameID "743639"]

1. e4 e5 2. f4 d5 3. exd5 e4 4. Nc3 f5 5. d3 Nf6 6. Qe2 Nxd5 7. dxe4 Nxc3 8. bxc3 fxe4 9. Qxe4+ Be7 10. Bc4 g6
11. Qe5 Rf8 12. Qg7 Bh4+ 13. g3 Qe7+ 14. Qe5 Qxe5+ 15. fxe5 Be7 16. e6 a6 17. Bf4 b5 18. Bb3 Bb7 19. O-O-O Bxh1 20. Bxc7 Nc6
21. Nh3 Bf3 22. Rd7 Ba3+ 23. Kd2 Bg4 24. Nf4 g5 25. Nd5 Rf2+ 26. Ke1 Re2+ 27. Kf1 Rxe6 28. Rxh7 Be2+ 29. Kg2 Bc4 30. Rh8+ Bf8
31. Bxc4 bxc4 32. Kh3 Kf7 33. Bb6 Rh6+ 34. Rxh6 Bxh6 35. Kg4 Kg6 36. Nb4 Ne5+ 37. Kh3 g4+ 38. Kg2 a5 39. Nd5 Rb8 40. Bxa5 Rb2
41. Nf4+ Bxf4 42. gxf4 Rxc2+ 43. Kg3 Rxa2 44. Bc7 Nd7 45. Bd6 Kf5
0-1

[Event "Wintertime blues"]
[Site "SchemingMind.com"]
[Date "2024.04.05"]
[Round "-"]
[White "pmdpsp"]
[Black "Goz"]
[Result "1-0"]
[WhiteCountry "GER"]
[BlackCountry "ENG"]
[WhiteElo "1670"]
[WhiteRD "71"]
[BlackElo "1450"]
[BlackRD "73"]
[GameID "743640"]

1. e4 e5 2. f4 d6 3. Nf3 Bg4 4. h3 Bxf3 5. Qxf3 Nc6 6. Bb5 Ne7 7. Nc3 a6 8. Ba4 b5 9. Bb3 Nd4 10. Qf2 Nxb3
11. axb3 c6 12. O-O Ng6 13. fxe5 Qd7 14. d4 dxe5 15. dxe5 Nxe5 16. Bf4 Bd6 17. Rad1 f6 18. Rd2 Qc7 19. Rfd1 Bb4 20. Kh2 O-O
21. Qg3 Bxc3 22. Rd7 Qxd7 23. Rxd7 Nxd7 24. bxc3 Rfe8 25. Qe3 Ne5 26. Qc5 a5 27. Bxe5 Rxe5 28. Qxc6 Rae8 29. c4 Rxe4 30. Qxb5 Re2
31. Qxa5 Rxc2 32. Qd5+ Kh8 33. c5 h6 34. b4 Ree2 35. b5 Red2 36. Qc6 Rc4 37. Qc8+ Kh7 38. b6 Rd5 39. b7 Rcxc5 40. Qxc5 Rxc5
41. b8=Q Re5 42. h4 h5 43. Qc7 Kh6 44. Kh3 g6 45. Qd8 f5 46. Qh8#
1-0

[Event "Wintertime blues"]
[Site "SchemingMind.com"]
[Date "2024.04.05"]
[Round "-"]
[White "pmdpsp"]
[Black "kenneth m day"]
[Result "0-1"]
[WhiteCountry "GER"]
[BlackCountry "USA"]
[WhiteElo "1659"]
[WhiteRD "75"]
[BlackElo "1594"]
[BlackRD "66"]
[GameID "743641"]

1. e4 e5 2. f4 d6 3. Nf3 Nf6 4. Nc3 Be7 5. Bb5+ Nc6 6. O-O O-O 7. Bxc6 bxc6 8. fxe5 dxe5 9. Nxe5 Bb7 10. d4 c5
11. dxc5 Bxc5+ 12. Kh1 Re8 13. Nd3 Bd6 14. e5 Bxe5 15. Nxe5 Rxe5 16. Qxd8+ Rxd8 17. Bf4 Ree8 18. Bxc7 Rd2 19. Rg1 h6 20. Rac1 Rd7
21. Ba5 Re5 22. Bb4 Ng4 23. h3 Nf6 24. Na4 Ne4 25. Be1 Bc6 26. Nc3 Nf6 27. Bg3 Rg5 28. Kh2 Nh5 29. Bh4 Rg6 30. Rcd1 Rxd1
31. Nxd1 Nf4 32. g4 Re6 33. Re1 Rd6 34. Nf2 Ng2 35. Bg3 Rd2 36. Rc1 Re2 37. a4 Ne3 38. b4 Nxc2 39. b5 Bb7 40. Kg1 Nd4
41. Ra1 Rb2 42. Bb8 a6 43. bxa6 Bxa6 44. Be5 Ne2+ 45. Kg2 Rc2 46. Kf3 Rc4 47. a5 Nd4+ 48. Kg3 Nc6 49. Bc7 Nd4 50. Bb6 Ne2+
51. Kf3 Rf4+ 52. Kg2 Bb7+ 53. Kf1 Ba6 54. Ke1 Rf3 55. Rd1 Nc3 56. Rd8+ Kh7 57. Ra8 Bb7 58. Ra7 Bd5 59. a6 Nb5 60. Rd7 Be6
61. a7 Ra3 62. Ne4 Bxd7
0-1

[Event "Wintertime blues"]
[Site "SchemingMind.com"]
[Date "2024.04.05"]
[Round "-"]
[White "kenneth m day"]
[Black "pmdpsp"]
[Result "0-1"]
[WhiteCountry "USA"]
[BlackCountry "GER"]
[WhiteElo "1611"]
[WhiteRD "61"]
[BlackElo "1670"]
[BlackRD "71"]
[GameID "743642"]

1. e4 e5 2. f4 Bc5 3. Nf3 exf4 4. d4 Bb6 5. Bxf4 d6 6. Be2 Nf6 7. Nc3 O-O 8. O-O Nc6 9. Be3 Ng4 10. Qd2 Nxe3
11. Rfe1 Ng4 12. Rad1 a6 13. Qf4 f5 14. exf5 Bxf5 15. Qd2 Nb4 16. Rc1 c5 17. dxc5 Bxc5+ 18. Nd4 Nxc2 19. Rxc2 Bxc2 20. Bxg4 Qh4
21. Bf3 Rae8 22. Ne2 Bxd4+
0-1

[Event "Wintertime blues"]
[Site "SchemingMind.com"]
[Date "2024.04.05"]
[Round "-"]
[White "Eggchaser"]
[Black "pmdpsp"]
[Result "1-0"]
[WhiteCountry "JPN"]
[BlackCountry "GER"]
[WhiteElo "1520"]
[WhiteRD "68"]
[BlackElo "1653"]
[BlackRD "73"]
[GameID "743644"]

1. e4 e5 2. f4 exf4 3. Nf3 g5 4. h4 g4 5. Ne5 d6 6. Nxg4 Nf6 7. Nxf6+ Qxf6 8. Nc3 Bh6 9. Nd5 Qd8 10. d4 Nd7
11. Be2 Nf6 12. Nc3 Qe7 13. Qd3 Bg4 14. Bxg4 Nxg4 15. Nd5 Qd7 16. Bxf4 Bxf4 17. Nxf4 O-O-O 18. Qf3 f5 19. exf5 Rde8+ 20. Ne6 h5
21. O-O-O Rh6 22. Rde1 Rf6 23. Qf4 Re7 24. Qg5 Qe8 25. Rhf1 d5 26. c3 b6 27. Kd2 Kb7 28. b3 a5 29. Kc2 b5 30. Kd2 Kb6
31. Nc5 Rxe1 32. Rxe1 Qf7 33. Re6+ Rxe6 34. Nxe6 Nf6 35. Qg7 Ne4+ 36. Ke3 Qxg7 37. Nxg7 Nf6 38. Kf4 Ne4 39. Nxh5 Nxc3 40. f6 a4
41. f7 axb3 42. axb3 Ne2+ 43. Ke3 Nxd4 44. Kxd4
1-0